| 000 | 00534nam a2200181Ia 4500 | ||
|---|---|---|---|
| 003 | OSt | ||
| 005 | 20260331112922.0 | ||
| 008 | 211028s2011 xx 000 0 und d | ||
| 040 | _cAIMIT LIBRARY | ||
| 041 | _aeng | ||
| 082 | _a658.8 SEBA | ||
| 100 |
_aSebastian, Anoop K;Madhukar S M. _g916005 _96739 |
||
| 245 | _aA study to identify and tap potential mobile retail outlets for onida mobiles in Mangalore South / | ||
| 260 |
_bMadhukar S M _c2011 |
||
| 600 |
_aMarketing _96740 |
||
| 650 |
_aMarketing _96741 |
||
| 942 |
_2ddc _cPRO |
||
| 999 |
_c218338 _d218338 |
||